LEADER 01696nas 22005653a 450 001 9910170623503321 005 20240413024958.0 011 $a1929-6339 035 $a(CKB)111088196452686 035 $a(CONSER)cn-00300545- 035 $a(EXLCZ)99111088196452686 100 $a20000411a19999999 --- a 101 0 $aeng 181 $ctxt$2rdacontent 182 $cc$2rdamedia 183 $acr$2rdacarrier 200 00$aHealthcarePapers 210 $aToronto $c[Longwoods]$d1999- 215 $a1 online resource 300 $aTitle from cover. 311 08$aPrint version: HealthcarePapers. 1488-917X (DLC)cn 00300545 (OCoLC)1082722807 606 $aMedical care$vPeriodicals 606 $aPublic health$vPeriodicals 606 $aHealth planning$vPeriodicals 606 $aHealth planning$2fast$3(OCoLC)fst00953159 606 $aMedical care$2fast$3(OCoLC)fst01013753 606 $aPublic health$2fast$3(OCoLC)fst01082238 606 $aQuality of Health Care 606 $aMedication Errors$xprevention & control 606 $aPatient Satisfaction 606 $aSafety 608 $aPeriodicals.$2fast 608 $aPeriodical. 615 0$aMedical care 615 0$aPublic health 615 0$aHealth planning 615 7$aHealth planning. 615 7$aMedical care. 615 7$aPublic health. 615 12$aQuality of Health Care. 615 22$aMedication Errors$xprevention & control. 615 22$aPatient Satisfaction. 615 22$aSafety. 676 $a362.1 686 $acci1icc$2lacc 906 $aJOURNAL 912 $a9910170623503321 920 $aexl_impl conversion 996 $aHealthcarePapers$92023893 997 $aUNINA LEADER 02436nas 2200661-a 450 001 9910893039203321 005 20260218110846.0 011 $a1923-2322 035 $a(DE-599)ZDB2630970-1 035 $a(CKB)991042736858134 035 $a(CONSER)cn-86031492- 035 $a(DE-599)2630970-1 035 $a(EXLCZ)99991042736858134 100 $a19870623b19861992 --- b 101 0 $afre 200 10$aCiel variable $ele manifeste du temps 210 $a[Montréal $cCollectif des jeunes sans-emploi de St-Louis-du-Parc$d1986]-1992 215 $a1 online resource 300 $aTitre pris sur la couv. 311 08$aPrint version: Ciel variable (Montréal, Québec) 0831-3091 (DLC)cn 86031492 (OCoLC)1080968460 517 3 $aManifeste du temps 517 1 $aCV 531 0 $aCiel var. 606 $aJeunesse$xTravail$zQuébec (Province)$vPériodiques 606 $aJeunesse$zQuébec (Province)$xConditions sociales$vPériodiques 606 $aJeunesse$zQuébec (Province)$xConditions économiques$vPériodiques 606 $aChômeurs$zQuébec (Province)$vPériodiques 606 $aYouth$xEmployment$zQuébec (Province)$vPeriodicals 606 $aYouth$zQuébec (Province)$xSocial conditions$vPeriodicals 606 $aYouth$zQuébec (Province)$xEconomic conditions$vPeriodicals 606 $aUnemployed$zQuébec (Province)$vPeriodicals 606 $aUnemployed$2fast$3(OCoLC)fst01161152 606 $aYouth$xEconomic conditions$2fast$3(OCoLC)fst01183410 606 $aYouth$xEmployment$2fast$3(OCoLC)fst01183412 606 $aYouth$xSocial conditions$2fast$3(OCoLC)fst01183536 607 $aQue?bec$2fast 608 $aPeriodicals.$2fast 615 6$aJeunesse$xTravail 615 6$aJeunesse$xConditions sociales 615 6$aJeunesse$xConditions économiques 615 6$aChômeurs 615 0$aYouth$xEmployment 615 0$aYouth$xSocial conditions 615 0$aYouth$xEconomic conditions 615 0$aUnemployed 615 7$aUnemployed. 615 7$aYouth$xEconomic conditions. 615 7$aYouth$xEmployment. 615 7$aYouth$xSocial conditions. 676 $a331.3/4/09714 686 $acci1icc$2lacc 712 02$aCollectif des jeunes sans-emploi de St-Louis-du-Parc. 712 02$aVox populi (Organisme) 906 $aJOURNAL 912 $a9910893039203321 920 $aexl_impl conversion 996 $aCiel variable$94234905 997 $aUNINA